Detalles MARC
| 000 -LEADER |
| fixed length control field |
01856nam a2200469Ii 4500 |
| 001 - CONTROL NUMBER |
| control field |
DIGPUCP086 |
| 003 - CONTROL NUMBER IDENTIFIER |
| control field |
NyNyDIG |
| 006 - FIXED-LENGTH DATA ELEMENTS--ADDITIONAL MATERIAL CHARACTERISTICS |
| fixed length control field |
m o d |
| 007 - PHYSICAL DESCRIPTION FIXED FIELD--GENERAL INFORMATION |
| fixed length control field |
cr ||||||||||| |
| 008 - FIXED-LENGTH DATA ELEMENTS--GENERAL INFORMATION |
| fixed length control field |
130601s2009 pe a ob 100 0 spa d |
| 020 ## - INTERNATIONAL STANDARD BOOK NUMBER |
| Canceled/invalid ISBN |
9789972429057 |
| 020 ## - INTERNATIONAL STANDARD BOOK NUMBER |
| Canceled/invalid ISBN |
9972429059 |
| 035 ## - SYSTEM CONTROL NUMBER |
| System control number |
(OCoLC)742301381 |
| 040 ## - CATALOGING SOURCE |
| Original cataloging agency |
DGITA |
| Language of cataloging |
eng |
| Description conventions |
pn |
| Transcribing agency |
DGITA |
| 043 ## - GEOGRAPHIC AREA CODE |
| Geographic area code |
s-pe--- |
| 050 14 - LIBRARY OF CONGRESS CALL NUMBER |
| Classification number |
JC585 eBook |
| 111 2# - MAIN ENTRY--MEETING NAME |
| Meeting name or jurisdiction name as entry element |
Coloquio "Desarrollo Humano y Libertades : una Aproximación Interdisciplinaria" |
| Date of meeting or treaty signing |
(2008) |
| 245 10 - TITLE STATEMENT |
| Title |
Desarrollo humano y libertades : |
| Remainder of title |
una aproximación interdisciplinaria / |
| Statement of responsibility, etc. |
Patricia Ruiz-Bravo, Pepi Patrón, Pablo Quintanilla (compiladores). |
| 250 ## - EDITION STATEMENT |
| Edition statement |
1. ed. |
| 264 #1 - PRODUCTION, PUBLICATION, DISTRIBUTION, MANUFACTURE, AND COPYRIGHT NOTICE |
| Place of production, publication, distribution, manufacture |
Lima, Peru : |
| Name of producer, publisher, distributor, manufacturer |
Pontificia Universidad Católica del Perú, Fondo Editorial, |
| Date of production, publication, distribution, manufacture, or copyright notice |
2009. |
| 300 ## - PHYSICAL DESCRIPTION |
| Extent |
1 online resource (292 pages) : |
| Other physical details |
ill. |
| 336 ## - CONTENT TYPE |
| Content type term |
text |
| Content type code |
txt |
| Source |
rdacontent |
| 337 ## - MEDIA TYPE |
| Media type term |
computer |
| Media type code |
c |
| Source |
rdamedia |
| 338 ## - CARRIER TYPE |
| Carrier type term |
online resource |
| Carrier type code |
cr |
| Source |
rdacarrier |
| 504 ## - BIBLIOGRAPHY, ETC. NOTE |
| Bibliography, etc. note |
Includes bibliographical references. |
| 650 #0 - SUBJECT ADDED ENTRY--TOPICAL TERM |
| Topical term or geographic name entry element |
Civil rights |
| Geographic subdivision |
Peru |
| Chronological subdivision |
21st century |
| Form subdivision |
Congresses. |
| 650 #0 - SUBJECT ADDED ENTRY--TOPICAL TERM |
| Topical term or geographic name entry element |
Social justice |
| Geographic subdivision |
Peru |
| Chronological subdivision |
21st century |
| Form subdivision |
Congresses. |
| 650 #0 - SUBJECT ADDED ENTRY--TOPICAL TERM |
| Topical term or geographic name entry element |
Economic development |
| General subdivision |
Social aspects |
| Form subdivision |
Congresses. |
| 650 #0 - SUBJECT ADDED ENTRY--TOPICAL TERM |
| Topical term or geographic name entry element |
Social history |
| Chronological subdivision |
21st century |
| Form subdivision |
Congresses. |
| 650 #0 - SUBJECT ADDED ENTRY--TOPICAL TERM |
| Topical term or geographic name entry element |
Liberty |
| Chronological subdivision |
21st century |
| Form subdivision |
Congresses. |
| 650 #0 - SUBJECT ADDED ENTRY--TOPICAL TERM |
| Topical term or geographic name entry element |
Liberty |
| General subdivision |
Social aspects |
| Form subdivision |
Congresses. |
| 651 #0 - SUBJECT ADDED ENTRY--GEOGRAPHIC NAME |
| Geographic name |
Developing countries |
| General subdivision |
Economic conditions |
| Form subdivision |
Congresses. |
| 655 #0 - INDEX TERM--GENRE/FORM |
| Genre/form data or focus term |
Electronic books. |
| 700 1# - ADDED ENTRY--PERSONAL NAME |
| Personal name |
Ruiz Bravo, Patricia. |
| 700 1# - ADDED ENTRY--PERSONAL NAME |
| Personal name |
Patrón, Pepi. |
| 700 1# - ADDED ENTRY--PERSONAL NAME |
| Personal name |
Quintanilla, Pablo. |
| 791 2# - |
| -- |
Digitalia (Firm), |
| -- |
distributor. |
| 793 0# - |
| -- |
Digitalia eBook Collection: |
| -- |
Pontificia Universidad Católica del Perú. |
| 856 40 - ELECTRONIC LOCATION AND ACCESS |
| Materials specified |
Digitalia Hispánica |
| Uniform Resource Identifier |
<a href="https://www.digitaliapublishing.com/a/9821/">https://www.digitaliapublishing.com/a/9821/</a> |
| 910 ## - USER-OPTION DATA (OCLC) |
| User-option data |
Premium Collection: 2007-2012 |
| 942 ## - ADDED ENTRY ELEMENTS (KOHA) |
| Koha item type |
Recurso Electrónico |